Economía internacional

Wedi'i Gadw mewn:
Manylion Llyfryddiaeth
Prif Awdur: Carbaugh, Robert J (Awdur)
Fformat: Llyfr
Iaith:Sbaeneg
Cyhoeddwyd: Ciudad de México International Thomson 2004
Pynciau:
Tagiau: Ychwanegu Tag
Dim Tagiau, Byddwch y cyntaf i dagio'r cofnod hwn!

MARC

LEADER 00000nam a2200000 a 4500
001 UCK8781
003 CL-VaPUC
008 060331e20040000MX |||||||||||||||||spa|d
020 |a 9706863524 
082 0 4 |a 337  |b CAR  |2 21 
100 0 |a Carbaugh, Robert J  |e author  |9 498464 
245 1 0 |a Economía internacional 
300 |a 543 p 
942 |c BK 
945 |d 20060331 00:00:00  |a cmena 
260 |a Ciudad de México  |b International Thomson  |c 2004 
650 7 |a COMERCIO INTERNACIONAL  |2 CL-VaPUC  |9 498465 
650 0 |a Relaciones Internacionales  |9 255740 
650 0 |a Aranceles   |9 378565 
650 0 |a Países en desarrollo  |9 259663 
650 0 |a Tratados internacionales   |9 256056 
650 0 |a Balanza de pagos  |9 316476 
650 7 |a INSTITUCIONES FINANCIERAS  |2 CL-VaPUC  |9 257940 
650 0 |a Industrias   |9 263688 
583 |a last modification  |c 20060331 00:00:00  |k Rodrigo Vera 
999 |c 316191  |d 316189 
952 |0 0  |1 0  |4 0  |6 337_000000000000000_CAR_2004  |7 0  |8 A  |9 390354  |a BIBENE  |b BIBENE  |d 2019-11-22  |i 4219813  |o 337 CAR 2004  |p 4219813  |r 2025-01-15  |w 2019-11-22  |y BK  |k ICO